<?xml version="1.0" encoding="UTF-8"?><?xml-stylesheet type="text/xsl" href="static/style.xsl"?><OAI-PMH xmlns="http://www.openarchives.org/OAI/2.0/" xmlns:xsi="http://www.w3.org/2001/XMLSchema-instance" xsi:schemaLocation="http://www.openarchives.org/OAI/2.0/ http://www.openarchives.org/OAI/2.0/OAI-PMH.xsd"><responseDate>2026-04-17T16:11:43Z</responseDate><request verb="GetRecord" identifier="oai:www.recercat.cat:10459.1/469008" metadataPrefix="marc">https://recercat.cat/oai/request</request><GetRecord><record><header><identifier>oai:recercat.cat:10459.1/469008</identifier><datestamp>2025-11-17T19:42:54Z</datestamp><setSpec>com_2072_3622</setSpec><setSpec>col_2072_479130</setSpec></header><metadata><record xmlns="http://www.loc.gov/MARC21/slim" xmlns:dcterms="http://purl.org/dc/terms/" xmlns:xsi="http://www.w3.org/2001/XMLSchema-instance" xmlns:doc="http://www.lyncode.com/xoai" xsi:schemaLocation="http://www.loc.gov/MARC21/slim http://www.loc.gov/standards/marcxml/schema/MARC21slim.xsd">
   <leader>00925njm 22002777a 4500</leader>
   <datafield ind2=" " ind1=" " tag="042">
      <subfield code="a">dc</subfield>
   </datafield>
   <datafield ind2=" " ind1=" " tag="720">
      <subfield code="a">Gutiérrez Ujaque, Daniel</subfield>
      <subfield code="e">author</subfield>
   </datafield>
   <datafield ind2=" " ind1=" " tag="720">
      <subfield code="a">Erta-Majó, Arnau</subfield>
      <subfield code="e">author</subfield>
   </datafield>
   <datafield ind2=" " ind1=" " tag="260">
      <subfield code="c">2024-09-20</subfield>
   </datafield>
   <datafield ind2=" " ind1=" " tag="520">
      <subfield code="a">Aquest estudi analitza les potencialitats de l’elicitació sensorial com a metodologia qualitativa per comprendre de manera més profunda l’estat de la infància a Lleida. A partir d’un estudi de cas impulsat per l’Observatori de la Infància i l’Adolescència de la ciutat, es van organitzar grups de discussió amb 49 participants experts (professionals dels àmbits educatiu, social, sanitari, de participació i oci, així com mares i pares), que van representar la situació de la infància mitjançant tres suports: una fotografia, un registre sonor i un objecte.

Les dades, recollides a través dels debats i de mapes conceptuals elaborats amb criteris SMART, es van analitzar mitjançant anàlisi de contingut. Els resultats mostren que cada llenguatge sensorial aporta una dimensió específica: el visual afavoreix la connexió emocional i l’evocació de records concrets; l’auditiu facilita respostes més reflexives i introspectives; i el tàctil impulsa propostes més pràctiques i aplicades.

L’estudi conclou que l’elicitació sensorial enriqueix la comprensió de les experiències infantils i evidencia la necessitat d’enfocaments multidimensionals en la recerca sobre infància. Alhora, posa de manifest el repte d’evitar la sobreemfasi en un únic llenguatge i reivindica la combinació equilibrada de diferents canals sensorials per orientar millor les polítiques i les intervencions educatives i socials.</subfield>
   </datafield>
   <datafield ind1="8" ind2=" " tag="024">
      <subfield code="a">http://hdl.handle.net/10459.1/469008</subfield>
   </datafield>
   <datafield tag="653" ind2=" " ind1=" ">
      <subfield code="a">Elicitació sensorial</subfield>
   </datafield>
   <datafield tag="653" ind2=" " ind1=" ">
      <subfield code="a">Infància</subfield>
   </datafield>
   <datafield tag="653" ind2=" " ind1=" ">
      <subfield code="a">Metodologia qualitativa</subfield>
   </datafield>
   <datafield ind2="0" ind1="0" tag="245">
      <subfield code="a">L'elicitació sensorial: Un estudi de cas de l'estat de la infància a Lleida</subfield>
   </datafield>
</record></metadata></record></GetRecord></OAI-PMH>